000 01068nam a2200241 a 4500
001 85308
003 BD-RjUL
005 20250724104824.0
008 250724s2025 bg ||||| |||| 00| 0 ben d
035 _a(BD-RjUL)85308
040 _aBD-RjUL
_beng
_cBD-RjUL
041 _aben
082 _223
_a371.81095492
_bCHU 2025
100 _aচৌধুরী, সিরাজুল ইসলাম
_916248
245 _a উন্নতি উত্থান ও অভ্যুত্থান /
_cসিরাজুল ইসলাম চৌধুরী
260 _aঢাকা :
_bকথাপ্রকাশ,
_c২০২৫
300 _a২৪০ পৃ,:
_c২২ সেমি.
650 _aছাত্র আন্দোলন
_yজুলাই,২০২৪
_zবাংলাদেশ
_916241
650 _aStudent movements
_yJuly,2024
_zBangladesh
_916242
650 _a গণঅভ্যুত্থান
_yজুলাই, ২০২৪
_zবাংলাদেশ
_916249
650 _aMass Uprising
_yJuly, 2024
_zBangladesh
_916127
942 _2ddc
_cBK
999 _c85308
_d85308